00551ntaaa2200181 45000030003000000050017000030080021000200400037000410820017000782450016000952500010001112600017001215000073001387000031002119420007002429990017002499520103002660120251027202623.00714s1973 ag 01  aAR-BaBNbspacAR-BaBNeaacrdRIC a371.0000 G16 aPedagogía a1 ed. as.l., cs.f. aEste ejemplar está incompleto; le falta las primeras 81 páginas aGarcía Santos, A 925499 cBK c21347d21347 00104070aBPbBPd2025-10-27i20936l0o371.0000 G16p20936r2025-10-27 20:26:23w2025-10-27yBK